| 000 | 01291nam a2200373 a 4500 | ||
|---|---|---|---|
| 001 | 2957530 | ||
| 003 | OSt | ||
| 005 | 20140310182953.0 | ||
| 008 | 930904s1990 ph a bf 000 0 eng d | ||
| 010 | _a 90943897 | ||
| 020 | _a9789715505659 | ||
| 035 | _a(OCoLC)26498167 | ||
| 040 |
_aAzTeS _cAzTeS _dDLC |
||
| 042 | _alccopycat | ||
| 043 | _aa-ph--- | ||
| 050 | 0 | 4 |
_aHM 134 _b.Or77 2008 |
| 100 | 1 | _aOrtigas, Carmela D. | |
| 245 | 1 | 0 |
_aGroup process and the inductive method : _btheory and practice in the Philippines / _cCarmela D. Ortigas. |
| 260 |
_aManila : _bAteneo de Manila University Press, _c2008. |
||
| 300 |
_a181 p. : _bill. ; _c26 cm. |
||
| 500 | _a"Handbook for facilitators"--Cover. | ||
| 504 | _aIncludes bibliographical references (p. 179-181). | ||
| 521 | _aEDU | ||
| 562 | _efor circulation. 1 copy available in the collection | ||
| 650 | 0 |
_aCommunication in small groups _zPhilippines _xHandbooks, manuals, etc. |
|
| 650 | 0 |
_aInterpersonal communication _xStudy and teaching _zPhilippines. |
|
| 650 | 0 | _aGroup relations training. | |
| 650 | 0 | _aGroup counseling. | |
| 906 |
_a7 _bcbc _ccopycat _d4 _encip _f19 _gy-gencatlg |
||
| 942 |
_2lcc _cBK _kLOC |
||
| 999 |
_c17941 _d17941 |
||